<?xml version="1.0" encoding="UTF-8"?>
<record
    xmlns:xsi="http://www.w3.org/2001/XMLSchema-instance"
    xsi:schemaLocation="http://www.loc.gov/MARC21/slim http://www.loc.gov/standards/marcxml/schema/MARC21slim.xsd"
    xmlns="http://www.loc.gov/MARC21/slim">

  <leader>02273nam a22002417a 4500</leader>
  <controlfield tag="003">OSt</controlfield>
  <controlfield tag="005">20221006145942.0</controlfield>
  <controlfield tag="008">190801b        xxu||||| |||| 00| 0 eng d</controlfield>
  <datafield tag="020" ind1=" " ind2=" ">
    <subfield code="a">9780323084697</subfield>
  </datafield>
  <datafield tag="040" ind1=" " ind2=" ">
    <subfield code="c">LC</subfield>
  </datafield>
  <datafield tag="050" ind1=" " ind2=" ">
    <subfield code="a">RT41.O16</subfield>
  </datafield>
  <datafield tag="100" ind1=" " ind2=" ">
    <subfield code="a">Ochs, Geralyn</subfield>
    <subfield code="9">195</subfield>
  </datafield>
  <datafield tag="245" ind1=" " ind2=" ">
    <subfield code="a">Study guide for: Fundamentals of nursing, 8th ed. by Potter and Perry. /</subfield>
    <subfield code="c">Geraldyn Ochs</subfield>
  </datafield>
  <datafield tag="260" ind1=" " ind2=" ">
    <subfield code="a">St. Louis, Missouri:</subfield>
    <subfield code="b">Mosby Elsevier,</subfield>
    <subfield code="c">2013.</subfield>
  </datafield>
  <datafield tag="300" ind1=" " ind2=" ">
    <subfield code="a">viii, 323 p.:</subfield>
    <subfield code="b">ill;</subfield>
  </datafield>
  <datafield tag="500" ind1=" " ind2=" ">
    <subfield code="a">Includes references and index.</subfield>
  </datafield>
  <datafield tag="505" ind1=" " ind2=" ">
    <subfield code="a">Contents :The client and health care environment: Nursing today -- The health care delivery system -- Community-based nursing practice -- Theoretical foundations of nursing practice -- Evidence -based practice -- Caring throughout the life span: Health and wellness --  Caring for the cancer survivor -- Caring in nursing practice -- Culture and ethnicity -- Caring for families -- Developmental theories -- Conception through adolescence -- Young to middle adult -- Older adult -- Critical thinking in nursing practice: Critical thinking in nursing practice -- Nursing assessment -- Nursing diagnosis -- Planning nursing care -- Implementing nursing care -- Evaluation -- Managing client care -- Professional standards in nursing practice: Ethics and values -- Legal implications in nursing practice --  Communication -- Client education -- Documentation and informatics -- Psycho-social basics for nursing practice: Self concept -- Sexuality -- Spiritual health -- The experience of loss,death and grief -- Stress and coping -- Scientific basics for nursing practice: Vital signs -- Health assessment and physical examination -- Infection prevention and control medication administration -- Complementary and alternative therapies -- Basic human needs: activity and exercise -- Client safety -- Hygiene -- Oxygenation -- Fluid,electrolyte and acid-base balance -- Sleep -- Pain management -- Nutrition -- Urinary elimination -- Bowel elimination -- Client with special needs: Mobility and immobility -- Skin integrity and wound care -- Sensory alterations -- Care of surgical clients --</subfield>
  </datafield>
  <datafield tag="650" ind1=" " ind2=" ">
    <subfield code="2">Nursing</subfield>
  </datafield>
  <datafield tag="650" ind1=" " ind2=" ">
    <subfield code="2">Nursing care</subfield>
  </datafield>
  <datafield tag="700" ind1=" " ind2=" ">
    <subfield code="a">Potter, Patricia A.</subfield>
    <subfield code="9">110</subfield>
  </datafield>
  <datafield tag="700" ind1=" " ind2=" ">
    <subfield code="a">Perry, Anne Griffin</subfield>
    <subfield code="9">110</subfield>
  </datafield>
  <datafield tag="942" ind1=" " ind2=" ">
    <subfield code="2">lcc</subfield>
    <subfield code="c">BK</subfield>
  </datafield>
  <datafield tag="999" ind1=" " ind2=" ">
    <subfield code="c">9260</subfield>
    <subfield code="d">16760</subfield>
  </datafield>
  <datafield tag="952" ind1=" " ind2=" ">
    <subfield code="0">0</subfield>
    <subfield code="1">0</subfield>
    <subfield code="2">lcc</subfield>
    <subfield code="4">0</subfield>
    <subfield code="7">0</subfield>
    <subfield code="a">WIUC-KL</subfield>
    <subfield code="b">WIUC-KL</subfield>
    <subfield code="c">NURS L.</subfield>
    <subfield code="d">2022-08-08</subfield>
    <subfield code="o">RT41.O16(8e)</subfield>
    <subfield code="p">KSN/448/19</subfield>
    <subfield code="r">2022-10-06 00:00:00</subfield>
    <subfield code="w">2022-10-06</subfield>
    <subfield code="y">BK</subfield>
  </datafield>
</record>
